[Event "North American Open"]
[Site "Las Vegas"]
[Date "2012.12.26"]
[Round "1.1"]
[White "Wang, Kevin"]
[Black "Li, Chao"]
[Result "0-1"]
[WhiteElo "2283"]
[BlackElo "2670"]
[PlyCount "108"]
[EventDate "2012.12.??"]
[EventType "swiss"]
[EventRounds "9"]
[EventCountry "USA"]
[Source "MonRoi"]

1. d4 Nf6 2. c4 g6 3. Nc3 d5 4. cxd5 Nxd5 5. Bd2 Bg7 6. e4 Nxc3 7. Bxc3 O-O 8.
Nf3 Bg4 9. Be2 c5 10. d5 Bxc3+ 11. bxc3 Bxf3 12. Bxf3 Qd6 13. O-O Nd7 14. Qd2
c4 15. Qd4 b5 16. a4 a6 17. Bg4 Ne5 18. Be2 Qc7 19. Rfb1 Rfb8 20. g3 bxa4 21.
Rxb8+ Rxb8 22. f4 Nd3 23. Rxa4 Rb1+ 24. Bf1 Nxf4 25. d6 Qd7 26. Ra2 Nh3+ 27.
Kg2 Ng5 28. Rf2 exd6 29. Qxc4 Re1 30. Qxa6 Qh3+ 31. Kg1 Qg4 32. Qa8+ Kg7 33.
Kg2 Qh3+ 34. Kg1 Qe6 35. Re2 Rxe2 36. Bxe2 Nxe4 37. Qc6 Nxg3 38. hxg3 Qxe2 39.
Qxd6 Qe1+ 40. Kg2 Qxc3 41. Qd7 h5 42. Qd6 Qf6 43. Qd5 h4 44. gxh4 Qxh4 45. Qe5+
Qf6 46. Qe4 Qg5+ 47. Kh2 Qf5 48. Qd4+ Qf6 49. Qe4 Qf2+ 50. Kh1 Qf1+ 51. Kh2 g5
52. Kg3 Qf4+ 53. Qxf4 gxf4+ 54. Kg4 Kg6 0-1

[Event "North American Open"]
[Site "Las Vegas"]
[Date "2012.12.26"]
[Round "1.2"]
[White "Gareev, Timur"]
[Black "Lucky, David"]
[Result "1-0"]
[WhiteElo "2660"]
[BlackElo "2282"]
[PlyCount "63"]
[EventDate "2012.12.??"]
[EventType "swiss"]
[EventRounds "9"]
[EventCountry "USA"]
[Source "MonRoi"]

1. d4 d5 2. c4 dxc4 3. Nf3 Nf6 4. e3 e6 5. Bxc4 c5 6. O-O a6 7. e4 cxd4 8. e5
Nfd7 9. Qxd4 Nc6 10. Qe4 Be7 11. Re1 Qc7 12. Qg4 g6 13. Bf4 b5 14. Bf1 Bb7 15.
Nc3 O-O-O 16. a4 b4 17. Ne4 Kb8 18. a5 h5 19. Qh3 Nc5 20. Nd6 Rxd6 21. exd6
Bxd6 22. Bxd6 Qxd6 23. Ng5 Qe7 24. Qe3 Rd8 25. Nxf7 Qxf7 26. Qxc5 Nd4 27. Qe5+
Ka7 28. Qc5+ Ka8 29. Qb6 Rd5 30. Bxa6 Nf3+ 31. gxf3 Rg5+ 32. Kf1 1-0

[Event "North American Open"]
[Site "Las Vegas"]
[Date "2012.12.26"]
[Round "1.5"]
[White "Hua, David"]
[Black "Lenderman, Alex"]
[Result "1/2-1/2"]
[WhiteElo "2254"]
[BlackElo "2619"]
[PlyCount "82"]
[EventDate "2012.12.??"]
[EventType "swiss"]
[EventRounds "9"]
[EventCountry "USA"]
[Source "MonRoi"]

1. e4 c6 2. c4 d5 3. exd5 cxd5 4. cxd5 Nf6 5. Qa4+ Nbd7 6. Nc3 g6 7. Nf3 Bg7 8.
Qb3 O-O 9. Bc4 a6 10. a4 Nc5 11. Qa3 Nce4 12. O-O Nxc3 13. dxc3 Nxd5 14. Rd1 e6
15. Be3 Re8 16. Bd4 Nf6 17. a5 Qc7 18. Qb3 Nd7 19. Bxg7 Kxg7 20. Be2 Nf6 21.
Ra4 Bd7 22. Rc4 Qxa5 23. Qxb7 Reb8 24. Rxd7 Rxb7 25. Rxb7 Qa1+ 26. Bf1 Ne8 27.
Rf4 Nd6 28. Rd7 Nf5 29. Ng5 e5 30. Rb4 Nh6 31. Rbb7 Qa2 32. c4 Rh8 33. Nxf7
Nxf7 34. Rxf7+ Kh6 35. Rfe7 Qb1 36. Rb3 Rd8 37. Rf7 Rd1 38. Rh3+ Kg5 39. Rg3+
Kh6 40. Rh3+ Kg5 41. Rg3+ Kh6 1/2-1/2

[Event "North American Open"]
[Site "Las Vegas"]
[Date "2012.12.26"]
[Round "1.6"]
[White "Kacheishvili, Giorgi"]
[Black "Wu, Christopher"]
[Result "1-0"]
[WhiteElo "2602"]
[BlackElo "2253"]
[PlyCount "109"]
[EventDate "2012.12.??"]
[EventType "swiss"]
[EventRounds "9"]
[EventCountry "USA"]
[Source "MonRoi"]

1. c4 c5 2. Nf3 Nc6 3. Nc3 e5 4. g3 g6 5. Bg2 Bg7 6. O-O Nge7 7. a3 d6 8. Ne1
O-O 9. Nc2 Be6 10. Ne3 f5 11. Ned5 a5 12. d3 h6 13. Rb1 Kh7 14. Bd2 Rb8 15. b4
axb4 16. axb4 cxb4 17. Nxb4 Nxb4 18. Rxb4 d5 19. cxd5 Nxd5 20. Rb5 Nxc3 21.
Bxc3 Qc7 22. Qa1 Qd7 23. Rfb1 Ra8 24. Ra5 Rxa5 25. Qxa5 Qd8 26. Qa1 Bd5 27.
Bxe5 Bxe5 28. Qxe5 Bxg2 29. Kxg2 Rf7 30. Rb5 Qe7 31. h4 Qxe5 32. Rxe5 Kg7 33.
Rb5 g5 34. h5 g4 35. Rb6 Re7 36. e3 Rc7 37. Rg6+ Kh7 38. Rf6 b5 39. Rxf5 Rb7
40. Rc5 b4 41. Rc2 Kg7 42. Kf1 Kf6 43. Ke2 b3 44. Rb2 Kg5 45. Kd2 Kxh5 46. Kc3
Kg5 47. Rxb3 Rf7 48. Rb2 h5 49. d4 h4 50. gxh4+ Kxh4 51. d5 Kg5 52. Kd4 Kf5 53.
e4+ Kf4 54. e5 Re7 55. e6 1-0

[Event "North American Open"]
[Site "Las Vegas"]
[Date "2012.12.26"]
[Round "1.9"]
[White "Barnett, Alex"]
[Black "Shabalov, Alexander"]
[Result "0-1"]
[WhiteElo "2243"]
[BlackElo "2578"]
[PlyCount "54"]
[EventDate "2012.12.??"]
[EventType "swiss"]
[EventRounds "9"]
[EventCountry "USA"]
[Source "MonRoi"]

1. e4 c5 2. Nf3 d6 3. d4 cxd4 4. Nxd4 Nf6 5. Nc3 a6 6. Bc4 g6 7. f3 Qb6 8. Bb3
Nbd7 9. Be3 Nc5 10. Qd2 h5 11. O-O-O Bg7 12. e5 dxe5 13. Na4 Qc7 14. Nxc5 exd4
15. Qxd4 O-O 16. Bf4 Qc6 17. Be5 Bf5 18. Rhe1 Rfc8 19. Ne4 a5 20. a4 b5 21. Rd3
bxa4 22. Bxa4 Qa6 23. Bb3 a4 24. Ba2 Nxe4 25. Bxg7 Rxc2+ 26. Kxc2 Rc8+ 27. Kb1
Nd2+ 0-1

[Event "North American Open"]
[Site "Las Vegas"]
[Date "2012.12.26"]
[Round "1.10"]
[White "Gelashvili, Tamaz"]
[Black "Betaneli, Aleksandr"]
[Result "1-0"]
[WhiteElo "2566"]
[BlackElo "2243"]
[PlyCount "117"]
[EventDate "2012.12.??"]
[EventType "swiss"]
[EventRounds "9"]
[EventCountry "USA"]
[Source "MonRoi"]

1. e4 e5 2. Bc4 Nc6 3. d3 Na5 4. Bxf7+ Kxf7 5. Qh5+ Ke6 6. Qf5+ Kd6 7. f4 c5 8.
fxe5+ Kc7 9. Nc3 Kb8 10. Nf3 g6 11. Qf7 Qe7 12. e6 Qxf7 13. exf7 Nh6 14. Bf4+
d6 15. Ng5 Nc6 16. h3 b6 17. O-O Kb7 18. Rf2 Ne5 19. Bxe5 dxe5 20. Nd5 Bg7 21.
Nf6 Bxf6 22. Rxf6 Bd7 23. Nxh7 Rxh7 24. f8=Q Rxf8 25. Rxf8 g5 26. Raf1 g4 27.
h4 Kc7 28. R1f6 g3 29. Rf3 Ng4 30. Rxg3 Rxh4 31. Rh3 Rh6 32. Rxh6 Nxh6 33. Kf2
Ng4+ 34. Kf3 Be6 35. Rh8 Kd6 36. c4 Nf6 37. Rh4 Nd7 38. Rh7 a5 39. Rg7 Nf8 40.
g4 Bd7 41. Ke3 Ne6 42. Rg8 Ke7 43. Rb8 Nd4 44. Rxb6 Bxg4 45. Ra6 Bc8 46. Rxa5
Kd6 47. Ra7 Nc6 48. Rh7 Bd7 49. a3 Bc8 50. Kd2 Bg4 51. Kc3 Nd4 52. b4 cxb4+ 53.
axb4 Bd7 54. Rh6+ Be6 55. b5 Kc5 56. Rh5 Nf3 57. d4+ Kb6 58. d5 Bd7 59. Kb4 1-0

[Event "North American Open"]
[Site "Las Vegas"]
[Date "2012.12.26"]
[Round "1.11"]
[White "Adelberg, David"]
[Black "Ramirez, Alejandro"]
[Result "1/2-1/2"]
[WhiteElo "2241"]
[BlackElo "2554"]
[PlyCount "86"]
[EventDate "2012.12.??"]
[EventType "swiss"]
[EventRounds "9"]
[EventCountry "USA"]
[Source "MonRoi"]

1. d4 Nf6 2. c4 c5 3. d5 b5 4. cxb5 a6 5. bxa6 g6 6. Nc3 Bxa6 7. e4 Bxf1 8.
Kxf1 d6 9. g3 Bg7 10. Kg2 O-O 11. Nf3 Nc6 12. h3 Qb6 13. Re1 Rfb8 14. e5 dxe5
15. Nxe5 Nxe5 16. Rxe5 Rb7 17. Qf3 Ne8 18. Re2 Nd6 19. a4 Qb4 20. Ne4 c4 21.
Bd2 Qxb2 22. Bc3 Bxc3 23. Rxb2 Bxb2 24. Rb1 Nxe4 25. Qxe4 c3 26. d6 Raa7 27.
Rd1 exd6 28. Rxd6 Rb8 29. Rc6 Rd8 30. Qb4 Rda8 31. Qb3 Kg7 32. Rc4 h5 33. g4
hxg4 34. hxg4 Kg8 35. Kh3 Kg7 36. g5 Ra5 37. Rf4 Rh8+ 38. Kg4 Rf5 39. Rxf5
gxf5+ 40. Kxf5 Rc8 41. Kg4 Bc1 42. Qc2 Rc4+ 43. Kh5 Bd2 1/2-1/2

[Event "North American Open"]
[Site "Las Vegas"]
[Date "2012.12.26"]
[Round "1.12"]
[White "Mitkov, Nikola"]
[Black "Vibbert, Sean"]
[Result "1/2-1/2"]
[WhiteElo "2513"]
[BlackElo "2240"]
[PlyCount "102"]
[EventDate "2012.12.??"]
[EventType "swiss"]
[EventRounds "9"]
[EventCountry "USA"]
[Source "MonRoi"]

1. e4 c5 2. Nc3 Nc6 3. Bb5 Nd4 4. Ba4 g6 5. Nf3 Bg7 6. O-O a6 7. Nxd4 cxd4 8.
Ne2 b5 9. Bb3 Bb7 10. d3 d5 11. f3 e6 12. Qe1 Ne7 13. Qh4 O-O 14. Bg5 f6 15.
Bh6 Qb6 16. Ng3 Rf7 17. Rae1 Bxh6 18. Qxh6 a5 19. a3 f5 20. exf5 Nxf5 21. Nxf5
Rxf5 22. Re2 Raf8 23. Qh4 Bc8 24. Qf2 a4 25. Ba2 b4 26. c3 b3 27. Bb1 Bd7 28.
Rc1 Qc5 29. Rd1 Rc8 30. cxd4 Qc7 31. Rf1 Rcf8 32. Re5 Qb6 33. Ree1 Rc8 34. Qe3
Qd6 35. f4 Rcf8 36. g3 g5 37. fxg5 Rxf1+ 38. Rxf1 Rxf1+ 39. Kxf1 Qf8+ 40. Kg2
Qf5 41. h3 Qf8 42. g4 Qg7 43. Qf4 Qf7 44. Qd6 Be8 45. h4 Qg6 46. Qd8 h5 47.
gxh5 Qxh5 48. Kg3 Qf7 49. Qb8 Kh7 50. Qd8 Kg7 51. Qb8 Kh7 1/2-1/2

[Event "North American Open"]
[Site "Las Vegas"]
[Date "2012.12.26"]
[Round "1.16"]
[White "Molner, Mackenzie"]
[Black "Krishnan, Varun"]
[Result "1-0"]
[WhiteElo "2479"]
[BlackElo "2217"]
[PlyCount "83"]
[EventDate "2012.12.??"]
[EventType "swiss"]
[EventRounds "9"]
[EventCountry "USA"]
[Source "MonRoi"]

1. e4 c5 2. Nf3 Nc6 3. g3 Nf6 4. d3 d6 5. Bg2 g6 6. O-O Bg7 7. Nbd2 O-O 8. c3
Qb6 9. Qe2 Bd7 10. Nc4 Qa6 11. e5 dxe5 12. Nfxe5 Nxe5 13. Nxe5 Be6 14. Re1 Rfd8
15. Bg5 Rac8 16. a3 Nd7 17. Nf3 Nf6 18. d4 Qxe2 19. Rxe2 h6 20. Bf4 c4 21. Rae1
Nd5 22. Be5 Bf8 23. h3 b5 24. g4 Rc6 25. Bg3 Rb6 26. Ne5 Bc8 27. f4 e6 28. h4
Ne7 29. h5 gxh5 30. Bh4 hxg4 31. Nxg4 f5 32. Bxe7 Bxe7 33. Nxh6+ Kf8 34. Nxf5
Bf6 35. Ne3 Bb7 36. Rf1 Bxg2 37. Rxg2 Kf7 38. Ng4 a5 39. f5 exf5 40. Rxf5 Re6
41. Rgf2 Rg8 42. Rxf6+ 1-0

[Event "North American Open"]
[Site "Las Vegas"]
[Date "2012.12.26"]
[Round "1.17"]
[White "Kunche, Nikhilesh"]
[Black "Yankovsky, Roman"]
[Result "0-1"]
[WhiteElo "2217"]
[BlackElo "2474"]
[PlyCount "100"]
[EventDate "2012.12.??"]
[EventType "swiss"]
[EventRounds "9"]
[EventCountry "USA"]
[Source "MonRoi"]

1. e4 c5 2. Nf3 d6 3. d4 cxd4 4. Nxd4 Nf6 5. Nc3 a6 6. Bg5 Nbd7 7. f4 Qc7 8.
Qf3 h6 9. Bxf6 Nxf6 10. Nd5 Nxd5 11. exd5 g6 12. f5 gxf5 13. O-O-O Qa5 14. Bc4
Qc5 15. Bd3 f4 16. Rhe1 h5 17. Nf5 Bxf5 18. Bxf5 Bg7 19. g3 fxg3 20. hxg3 a5
21. Re4 Be5 22. a4 Rb8 23. Qe2 Rh6 24. Rc4 Qb6 25. c3 Bxg3 26. Qd2 Rh8 27. Rf1
Be5 28. Qd3 Rg8 29. Qh3 Rg1 30. Bd3 Rxf1+ 31. Bxf1 Kf8 32. Rh4 Qf2 33. Rxh5 Qg1
34. Kc2 Bf6 35. Rf5 Qg7 36. Be2 Re8 37. Qf1 Rc8 38. Qh3 Rc5 39. Kb3 Ke8 40.
Bb5+ Kf8 41. Rf2 Qg5 42. Rg2 Qxd5+ 43. Ka3 Qh5 44. Qd7 Rxc3+ 45. bxc3 Qc5+ 46.
Ka2 Qd5+ 47. Ka3 Qxg2 48. Qd8+ Kg7 49. Qxa5 Qc2 50. Qb4 Qxc3+ 0-1

[Event "North American Open"]
[Site "Las Vegas"]
[Date "2012.12.26"]
[Round "1.18"]
[White "Krush, Irina"]
[Black "Colas, Joshua"]
[Result "1-0"]
[WhiteElo "2459"]
[BlackElo "2204"]
[PlyCount "71"]
[EventDate "2012.12.??"]
[EventType "swiss"]
[EventRounds "9"]
[EventCountry "USA"]
[Source "MonRoi"]

1. c4 e6 2. Nc3 d5 3. d4 Nf6 4. cxd5 exd5 5. Bg5 Be7 6. e3 c6 7. Qc2 O-O 8. Bd3
h6 9. Bh4 Re8 10. Nge2 Nbd7 11. f3 c5 12. O-O b6 13. Bf2 Bb7 14. Rad1 a6 15.
Nf4 cxd4 16. exd4 b5 17. Nce2 Nb6 18. b3 Bd6 19. Qd2 Bc6 20. Ng3 a5 21. Nf5 Bf8
22. Ne2 a4 23. Bh4 axb3 24. axb3 Nbd7 25. Rc1 Rc8 26. g4 Qb6 27. Kh1 Bb7 28.
Rxc8 Bxc8 29. Rg1 Nh7 30. g5 hxg5 31. Bxg5 g6 32. Bh4 b4 33. Nh6+ Bxh6 34. Qxh6
Ndf8 35. Nf4 Kh8 36. Nh5 1-0

[Event "North American Open"]
[Site "Las Vegas"]
[Date "2012.12.26"]
[Round "1.26"]
[White "Troff, Kayden"]
[Black "Black, James"]
[Result "1-0"]
[WhiteElo "2365"]
[BlackElo "2163"]
[PlyCount "91"]
[EventDate "2012.12.??"]
[EventType "swiss"]
[EventRounds "9"]
[EventCountry "USA"]
[Source "MonRoi"]

1. d4 d5 2. c4 c6 3. Nf3 Nf6 4. e3 Bf5 5. Nc3 e6 6. Nh4 Be4 7. f3 Bg6 8. Qb3
Qc7 9. Bd2 Be7 10. g3 Nbd7 11. Nxg6 hxg6 12. cxd5 exd5 13. O-O-O b5 14. e4 b4
15. Na4 dxe4 16. fxe4 Nxe4 17. Bf4 Bd6 18. Bxd6 Nxd6 19. Re1+ Kf8 20. Qxb4 Rb8
21. Qc3 Rh5 22. Bg2 c5 23. Bf3 Rb4 24. b3 Nb5 25. Qd2 Rxd4 26. Qe2 Nd6 27. Bxh5
c4 28. b4 gxh5 29. Qe7+ Kg8 30. Nc5 Nf5 31. Ne6 Nxe7 32. Nxc7 Nc6 33. Rd1 Nde5
34. Rxd4 Nxd4 35. Kb2 Ne2 36. Kc2 Nf3 37. Nd5 g5 38. Ne3 Ne5 39. Rd1 Kg7 40.
Rd2 Ng1 41. Kc3 Ngf3 42. Rf2 g4 43. Nxc4 Nd7 44. a4 f5 45. Nd2 Nf6 46. b5 1-0

[Event "North American Open"]
[Site "Las Vegas"]
[Date "2012.12.26"]
[Round "1.36"]
[White "Kretchetov, Alexandre"]
[Black "Helfst, Matt"]
[Result "1-0"]
[WhiteElo "2306"]
[BlackElo "1933"]
[PlyCount "55"]
[EventDate "2012.12.??"]
[EventType "swiss"]
[EventRounds "9"]
[EventCountry "USA"]
[Source "MonRoi"]

1. d4 d5 2. c4 e6 3. Nc3 Be7 4. Nf3 Nf6 5. cxd5 exd5 6. Bg5 O-O 7. e3 Re8 8.
Qc2 Nbd7 9. Bd3 Nf8 10. h3 c6 11. O-O-O b5 12. g4 N6d7 13. h4 f6 14. Bf4 Nb6
15. Rdg1 b4 16. Ne2 Be6 17. g5 Rc8 18. Ba6 Qd7 19. gxf6 Bxf6 20. Ne5 Bxe5 21.
Bxe5 Ng6 22. Bxc8 Rxc8 23. Nf4 Bf5 24. Qc5 Nxe5 25. dxe5 Nc4 26. Qd4 Re8 27. e6
Bxe6 28. Nh5 1-0

[Event "North American Open"]
[Site "Las Vegas"]
[Date "2012.12.26"]
[Round "2.1"]
[White "Li, Chao"]
[Black "Chibukhchian, Artur"]
[Result "1-0"]
[WhiteElo "2670"]
[BlackElo "2448"]
[PlyCount "83"]
[EventDate "2012.12.??"]
[EventType "swiss"]
[EventRounds "9"]
[EventCountry "USA"]
[Source "MonRoi"]

1. e4 c5 2. Nf3 e6 3. c3 d5 4. e5 d4 5. Bd3 Nc6 6. O-O Nge7 7. Qe2 Ng6 8. Na3
Nf4 9. Qe4 Nxd3 10. Qxd3 Be7 11. cxd4 cxd4 12. b3 O-O 13. Qe4 Qa5 14. Nc2 d3
15. Ne3 f5 16. exf6 Bxf6 17. Rb1 Qxa2 18. Qxd3 Rd8 19. Qe4 Nd4 20. Ng4 Nxf3+
21. gxf3 Bd4 22. Kh1 Rd5 23. Ne3 Bxe3 24. fxe3 Qa6 25. Bb2 Qd3 26. Rg1 g6 27.
Qh4 Qf5 28. Qf2 Rd3 29. Rbf1 Bd7 30. e4 Qf4 31. Bc3 Rf8 32. Qc5 Bc6 33. Be5 Qf7
34. Ba1 Qf4 35. Rg4 Qd6 36. Qh5 Bxe4 37. Qh6 e5 38. Rxe4 Rdxf3 39. Rxf3 Rxf3
40. Bxe5 Qd7 41. Rd4 Qe7 42. Rd8+ 1-0

[Event "North American Open"]
[Site "Las Vegas"]
[Date "2012.12.26"]
[Round "2.2"]
[White "Cheng, Bindi"]
[Black "Gareev, Timur"]
[Result "0-1"]
[WhiteElo "2397"]
[BlackElo "2660"]
[PlyCount "86"]
[EventDate "2012.12.??"]
[EventType "swiss"]
[EventRounds "9"]
[EventCountry "USA"]
[Source "MonRoi"]

1. d4 Nf6 2. Nf3 e6 3. c4 b6 4. g3 Ba6 5. Qa4 Bb7 6. Bg2 c5 7. dxc5 Bxc5 8. O-O
O-O 9. Nc3 Be7 10. Rd1 a6 11. Bg5 d6 12. Bxf6 Bxf6 13. Qc2 Ra7 14. Rd2 Qc7 15.
Ne4 Be7 16. Rad1 Rd8 17. b3 h6 18. Nc3 Nd7 19. Nd4 Bxg2 20. Kxg2 Nf6 21. Kg1
Qb7 22. b4 Rc8 23. Qb3 Nd7 24. f4 Bf6 25. b5 Nc5 26. Qb1 Qa8 27. Qb4 Rd7 28.
Na4 Rb7 29. Nc3 Rbc7 30. bxa6 Nxa6 31. Qxd6 Rxc4 32. Ncb5 Nc5 33. Qxb6 Ne4 34.
Rd3 Qxa2 35. Qb7 Qa8 36. Qxa8 Rxa8 37. Re3 Nc5 38. Nb3 Na4 39. Nd6 Rb4 40. Ne4
Rxe4 41. Rxe4 Nc3 42. Rdd4 Ra3 43. Kg2 Nxe4 0-1

[Event "North American Open"]
[Site "Las Vegas"]
[Date "2012.12.26"]
[Round "2.3"]
[White "Erenburg, Sergey"]
[Black "Sharma, Arun"]
[Result "1/2-1/2"]
[WhiteElo "2637"]
[BlackElo "2391"]
[PlyCount "79"]
[EventDate "2012.12.??"]
[EventType "swiss"]
[EventRounds "9"]
[EventCountry "USA"]
[Source "MonRoi"]

1. e4 c5 2. Nf3 e6 3. d4 cxd4 4. Nxd4 Nf6 5. Nc3 d6 6. Be3 a6 7. f3 b5 8. Qd2
Nbd7 9. g4 b4 10. Nce2 Ne5 11. Ng3 h5 12. g5 h4 13. gxf6 hxg3 14. fxg7 Bxg7 15.
O-O-O Qf6 16. Be2 Nc6 17. c3 bxc3 18. Qxc3 Bd7 19. Nxc6 Qxc3+ 20. bxc3 Bxc6 21.
hxg3 Rxh1 22. Rxh1 Bxc3 23. Bf4 Ke7 24. Kc2 Bd4 25. Bg5+ Bf6 26. Bxf6+ Kxf6 27.
Rb1 d5 28. Rb6 Ba4+ 29. Kd2 dxe4 30. Rxa6 Rxa6 31. Bxa6 exf3 32. Bb7 Ke5 33.
Bxf3 Kd4 34. Bd1 Bd7 35. Bb3 f5 36. a4 e5 37. a5 Kc5 38. a6 Kb6 39. Bc4 f4 40.
gxf4 1/2-1/2

[Event "North American Open"]
[Site "Las Vegas"]
[Date "2012.12.26"]
[Round "2.5"]
[White "Amanov, Zhanibek"]
[Black "Kacheishvili, Giorgi"]
[Result "1/2-1/2"]
[WhiteElo "2359"]
[BlackElo "2602"]
[PlyCount "42"]
[EventDate "2012.12.??"]
[EventType "swiss"]
[EventRounds "9"]
[EventCountry "USA"]
[Source "MonRoi"]

1. e4 c5 2. Nf3 d6 3. d4 cxd4 4. Nxd4 Nf6 5. Nc3 Nc6 6. Bc4 e6 7. Bb3 a6 8. Be3
Qc7 9. f4 Na5 10. f5 Nxb3 11. cxb3 b5 12. Rc1 Qd7 13. O-O Be7 14. Qf3 e5 15.
Nc2 Bb7 16. Nb4 O-O 17. Nbd5 Bd8 18. Rf2 Rc8 19. Rd1 Bxd5 20. Nxd5 Nxd5 21.
Rxd5 Be7 1/2-1/2

[Event "North American Open"]
[Site "Las Vegas"]
[Date "2012.12.26"]
[Round "2.6"]
[White "Shankland, Samuel L"]
[Black "Troff, Kayden"]
[Result "1-0"]
[WhiteElo "2595"]
[BlackElo "2365"]
[PlyCount "79"]
[EventDate "2012.12.??"]
[EventType "swiss"]
[EventRounds "9"]
[EventCountry "USA"]
[Source "MonRoi"]

1. d4 Nf6 2. Nf3 g6 3. Bg5 Bg7 4. Nbd2 d5 5. e3 O-O 6. Bd3 c5 7. c3 Qb6 8. Qb3
Qc7 9. Qa3 Nbd7 10. O-O b6 11. c4 Bb7 12. Rac1 cxd4 13. cxd5 Qd6 14. Qxd6 exd6
15. Nxd4 Nxd5 16. Nc4 Ne5 17. Be2 Nxc4 18. Bxc4 Rac8 19. b3 Bxd4 20. exd4 Rfe8
21. Rfe1 Kg7 22. f3 a6 23. a4 a5 24. h4 Nb4 25. Rxe8 Rxe8 26. Bxf7 Kxf7 27.
Rc7+ Ke6 28. Rxb7 Kd5 29. Rxb6 Nc6 30. Bf6 Nxd4 31. Bxd4 Kxd4 32. Rxd6+ Kc5 33.
Ra6 Kb4 34. Rb6+ Ka3 35. Kf2 Rc8 36. Rb5 Rc3 37. Rxa5 Rxb3 38. Ra7 h6 39. Ra6
Rb4 40. Kg3 1-0

[Event "North American Open"]
[Site "Las Vegas"]
[Date "2012.12.26"]
[Round "2.9"]
[White "Young, Angelo"]
[Black "Gelashvili, Tamaz"]
[Result "0-1"]
[WhiteElo "2341"]
[BlackElo "2566"]
[PlyCount "102"]
[EventDate "2012.12.??"]
[EventType "swiss"]
[EventRounds "9"]
[EventCountry "USA"]
[Source "MonRoi"]

1. Nf3 Nf6 2. g3 b5 3. c3 c5 4. Bg2 Bb7 5. O-O e6 6. d3 d5 7. Nbd2 Be7 8. b3
O-O 9. a4 b4 10. cxb4 cxb4 11. Bb2 Nc6 12. Ra2 Bd6 13. e4 e5 14. Qa1 d4 15. Nc4
Bc7 16. Nfd2 Nd7 17. f4 Nc5 18. Qb1 exf4 19. gxf4 Qh4 20. Bc1 Ne6 21. Nf3 Qg4
22. f5 Nf4 23. Bxf4 Bxf4 24. Qe1 Ba6 25. Rc2 Rac8 26. Kh1 Qh5 27. h3 Qh6 28. e5
Rce8 29. Nd6 Rxe5 30. Nxe5 Nxe5 31. Nb5 Be3 32. Qg3 Bxb5 33. axb5 Nxd3 34. Be4
Nf4 35. Rc6 Qxh3+ 36. Qxh3 Nxh3 37. Kg2 Nf4+ 38. Kf3 g5 39. Ra1 Re8 40. Bc2 d3
41. Bd1 h5 42. Rc4 Nd5 43. Kg2 g4 44. Kg3 Kg7 45. Ra6 Bb6 46. Rxb6 axb6 47. Rd4
Re3+ 48. Kf2 Re5 49. Rxd3 Rxf5+ 50. Kg3 Re5 51. Kh4 Kh6 0-1

[Event "North American Open"]
[Site "Las Vegas"]
[Date "2012.12.26"]
[Round "2.12"]
[White "Gurevich, Dmitry"]
[Black "Bodek, Michael"]
[Result "1-0"]
[WhiteElo "2485"]
[BlackElo "2316"]
[PlyCount "107"]
[EventDate "2012.12.??"]
[EventType "swiss"]
[EventRounds "9"]
[EventCountry "USA"]
[Source "MonRoi"]

1. d4 Nf6 2. c4 e6 3. g3 d5 4. Bg2 dxc4 5. Qa4+ Nbd7 6. Nf3 a6 7. Qxc4 b5 8.
Qc6 Rb8 9. Bf4 Nd5 10. Bg5 Bb4+ 11. Nbd2 Bb7 12. Qxb7 Rxb7 13. Bxd8 Kxd8 14. a3
Bxd2+ 15. Nxd2 c5 16. O-O Rc7 17. a4 Ke7 18. axb5 axb5 19. dxc5 Rxc5 20. Nb3
Rc2 21. Nd4 Rxb2 22. Bxd5 exd5 23. Rfc1 Ne5 24. Rc7+ Kd6 25. Raa7 Rd8 26. Nf5+
Ke6 27. Nd4+ Kd6 28. f4 Nd7 29. Nf5+ Ke6 30. g4 f6 31. Nd4+ Kd6 32. Rc6+ Ke7
33. Re6+ Kf8 34. Rd6 Rd2 35. Nc6 Re8 36. Rdxd7 Rexe2 37. Rd8+ Re8 38. Rxe8+
Kxe8 39. Re7+ Kf8 40. Rd7 Rd1+ 41. Kf2 Rd2+ 42. Kf3 Rxh2 43. Rxd5 h6 44. Rxb5
g5 45. Rb8+ Kf7 46. f5 h5 47. Rb7+ Kf8 48. gxh5 Rxh5 49. Ne7 Rh1 50. Nd5 Rh6
51. Kg3 Rh1 52. Nxf6 Rf1 53. Kg4 Rf4+ 54. Kh5 1-0

[Event "North American Open"]
[Site "Las Vegas"]
[Date "2012.12.26"]
[Round "2.13"]
[White "Adamson, Robby"]
[Black "Molner, Mackenzie"]
[Result "1/2-1/2"]
[WhiteElo "2308"]
[BlackElo "2479"]
[PlyCount "28"]
[EventDate "2012.12.??"]
[EventType "swiss"]
[EventRounds "9"]
[EventCountry "USA"]
[Source "MonRoi"]

1. e4 c5 2. Nf3 d6 3. d4 cxd4 4. Nxd4 Nf6 5. Nc3 a6 6. Be2 e5 7. Nb3 Be7 8. Be3
Be6 9. Nd5 Nbd7 10. Qd3 Bxd5 11. exd5 O-O 12. g4 Nc5 13. Nxc5 dxc5 14. O-O-O
Bd6 1/2-1/2

[Event "North American Open"]
[Site "Las Vegas"]
[Date "2012.12.26"]
[Round "2.14"]
[White "Yankovsky, Roman"]
[Black "Kretchetov, Alexandre"]
[Result "1-0"]
[WhiteElo "2474"]
[BlackElo "2306"]
[PlyCount "79"]
[EventDate "2012.12.??"]
[EventType "swiss"]
[EventRounds "9"]
[EventCountry "USA"]
[Source "MonRoi"]

1. e4 g6 2. g3 Bg7 3. Bg2 e5 4. Ne2 Nc6 5. O-O Nge7 6. c4 d6 7. Nbc3 O-O 8. d3
f5 9. Rb1 a5 10. a3 Be6 11. b4 axb4 12. axb4 fxe4 13. Nxe4 Qd7 14. b5 Nd8 15.
Bg5 h6 16. Bxe7 Qxe7 17. Ra1 Rxa1 18. Qxa1 Bg4 19. N2c3 c6 20. Qa3 Nf7 21. Qa7
cxb5 22. cxb5 Be6 23. Nd2 Rc8 24. Nd5 Bxd5 25. Bxd5 Rc5 26. Qa2 Bf8 27. f4 e4
28. Nxe4 Rxb5 29. f5 g5 30. f6 Qc7 31. Qc4 Qb6+ 32. Kh1 Rxd5 33. Qxd5 Qe3 34.
Rb1 Qf3+ 35. Kg1 b6 36. Ra1 b5 37. Ra8 Qe3+ 38. Nf2 Qc1+ 39. Kg2 Qc7 40. Ng4
1-0

[Event "North American Open"]
[Site "Las Vegas"]
[Date "2012.12.26"]
[Round "2.15"]
[White "Santarius, Erik"]
[Black "Krush, Irina"]
[Result "0-1"]
[WhiteElo "2303"]
[BlackElo "2459"]
[PlyCount "88"]
[EventDate "2012.12.??"]
[EventType "swiss"]
[EventRounds "9"]
[EventCountry "USA"]
[Source "MonRoi"]

1. e4 c5 2. Nf3 d6 3. d4 cxd4 4. Qxd4 a6 5. c4 Nc6 6. Qe3 Bg4 7. Be2 g6 8. Bd2
Bxf3 9. Bxf3 Bh6 10. Qc3 Bxd2+ 11. Nxd2 Nf6 12. O-O O-O 13. Rad1 Qb6 14. Rfe1
Rfc8 15. b3 a5 16. a3 Qc5 17. b4 axb4 18. axb4 Qe5 19. Qb3 Nd4 20. Qd3 Ra4 21.
Rb1 Rca8 22. c5 Ra3 23. Nb3 dxc5 24. bxc5 Nxb3 25. Rxb3 Rxb3 26. Qxb3 Ra1 27.
Bd1 Qd4 28. Qc2 Nxe4 29. Kf1 Nc3 30. Bf3 Qc4+ 31. Be2 Rxe1+ 32. Kxe1 Qxe2+ 33.
Qxe2 Nxe2 34. Kxe2 Kf8 35. Kd3 Ke8 36. Kc4 Kd7 37. Kb5 Kc7 38. g4 g5 39. h3 h6
40. Kc4 Kc6 41. Kd4 e6 42. Kc4 f6 43. f3 f5 44. Kb4 f4 0-1

[Event "North American Open"]
[Site "Las Vegas"]
[Date "2012.12.26"]
[Round "2.18"]
[White "Ramirez, Alejandro"]
[Black "Shaw, Tenzing"]
[Result "1-0"]
[WhiteElo "2554"]
[BlackElo "2202"]
[PlyCount "61"]
[EventDate "2012.12.??"]
[EventType "swiss"]
[EventRounds "9"]
[EventCountry "USA"]
[Source "MonRoi"]

1. d4 Nf6 2. c4 e6 3. Nf3 Bb4+ 4. Nbd2 O-O 5. a3 Be7 6. e4 d5 7. e5 Nfd7 8. b4
a5 9. b5 c5 10. Bb2 b6 11. cxd5 exd5 12. Bd3 cxd4 13. Bxd4 Nc5 14. Bc2 Ne6 15.
O-O Nd7 16. Re1 Ndc5 17. Nf1 Bb7 18. Ne3 g6 19. Bb2 Rc8 20. a4 Rc7 21. Nd4 Nxd4
22. Bxd4 Rc8 23. Nf5 Re8 24. e6 f6 25. Nh6+ Kg7 26. Nf7 Qc7 27. Qd2 Nxe6 28.
Qh6+ Kg8 29. Bxg6 hxg6 30. Rxe6 Kxf7 31. Rae1 1-0